[Event "GX Alekhine Open de Outono 2023"]
[Site "Lisboa, Portugal"]
[Date "????.??.??"]
[Round "7.3"]
[White "Seia, Joao Manuel Barradas Aragao"]
[Black "Teves, Pedro Lopes"]
[Result "1/2-1/2"]
[WhiteElo "1535"]
[BlackElo "1526"]
[PlyCount "103"]

{[%evp 0,103,23,22,71,78,64,62,61,62,65,51,32,-22,39,-15,-9,-5,-10,-97,-4,-16,10,-62,-45,-40,-39,-45,-40,-30,-32,-37,-33,-39,-40,-37,-3,4,9,-7,9,17,14,8,11,7,27,15,15,18,18,13,23,13,8,9,8,9,10,9,11,8,6,7,8,7,10,6,6,7,9,0,1,-5,-13,-80,-70,-161,-6,-4,-3,-2,-2,-2,-2,-1,0,0,0,0,0,0,0,0,0,0,0,0,0,0,0,0,0,0,0,0]} 1. e4 {[%emt 0:00:01]} c6 {[%emt 0:00:13]} 2. d4 {[%emt 0:00:02]} d5 {[%emt 0:00:08]} 3. e5 {[%emt 0:00:04]} c5 {[%emt 0:00:07]} 4. Nf3 {[%emt 0:00:29]} cxd4 {[%emt 0:01:34]} 5. Nxd4 {[%emt 0:00:18]} Nc6 {[%emt 0:00:07]} 6. e6 {[%emt 0:00:49]} Nxd4 {[%emt 0:14:27]} 7. exf7+ {[%emt 0:00:54]} Kxf7 {[%emt 0:00:08]} 8. Qxd4 {[%emt 0:01:25]} Nf6 {[%emt 0:01:51]} 9. c4 {[%emt 0:03:43]} Be6 {[%emt 0:04:12]} 10. cxd5 {[%emt 0:01:59]} Qxd5 {[%emt 0:00:28]} 11. Qxd5 {[%emt 0:02:34]} Nxd5 {[%emt 0:03:24]} 12. Bd2 {[%emt 0:02:31]} g6 {[%emt 0:01:01]} 13. Nc3 {[%emt 0:13:01]} Nxc3 {[%emt 0:04:19]} 14. Bxc3 {[%emt 0:01:20]} Bg7 {[%emt 0:00:08]} 15. Bxg7 {[%emt 0:02:06]} Kxg7 {[%emt 0:00:06]} 16. Bd3 {[%emt 0:08:57]} Rhd8 {[%emt 0:03:27]} 17. Ke2 {[%emt 0:00:51]} Bd5 {[%emt 0:04:41]} 18. f3 {[%emt 0:01:37]} Rac8 {[%emt 0:01:53]} 19. b3 {[%emt 0:01:11]} Kf6 {[%emt 0:02:42]} 20. Rac1 {[%emt 0:03:51]} Bc6 {[%emt 0:07:13]} 21. Rhd1 {[%emt 0:04:24]} Rd4 {[%emt 0:14:19]} 22. Bc4 {[%emt 0:12:34]} Rcd8 {[%emt 0:00:39]} 23. Rxd4 {[%emt 0:00:13]} Rxd4 {[%emt 0:00:07]} 24. Ke3 {[%emt 0:03:46]} Rd6 {[%emt 0:06:28]} 25. b4 {[%emt 0:05:26]} a6 {[%emt 0:00:36]} 26. Rc2 {[%emt 0:01:20]} Ba4 {[%emt 0:01:46]} 27. Rd2 {[%emt 0:01:30]} Rxd2 {[%emt 0:00:05]} 28. Kxd2 {[%emt 0:00:02]} Ke5 {[%emt 0:00:34]} 29. Ke3 {[%emt 0:01:02]} g5 {[%emt 0:00:21]} 30. g3 {[%emt 0:03:37]} h6 {[%emt 0:02:05]} 31. Bd3 {[%emt 0:02:20]} Bc6 {[%emt 0:01:25]} 32. f4+ {[%emt 0:02:19]} gxf4+ {[%emt 0:00:05]} 33. gxf4+ {[%emt 0:00:07]} Kd6 {[%emt 0:01:12]} 34. Be4 {[%emt 0:01:25]} Bd5 {[%emt 0:00:23]} 35. Bxd5 {[%emt 0:01:30]} Kxd5 {[%emt 0:00:02]} 36. Kd3 {[%emt 0:00:50]} b6 {[%emt 0:00:36]} 37. a3 {[%emt 0:02:55]} a5 {[%emt 0:00:17]} 38. h4 {[%emt 0:03:13]} axb4 {[%emt 0:08:07]} 39. axb4 {[%emt 0:00:02]} b5 {[%emt 0:12:08]} 40. h5 {[%emt 0:07:11]} e6 {[%emt 0:01:28]} 41. Ke3 {[%emt 0:00:23]} Kc4 {[%emt 0:02:01]} 42. Ke4 {[%emt 0:00:02]} Kxb4 {[%emt 0:00:14]} 43. Ke5 {[%emt 0:00:01]} Kc4 {[%emt 0:02:16]} 44. Kxe6 {[%emt 0:00:26]} b4 {[%emt 0:00:13]} 45. f5 {[%emt 0:00:02]} b3 {[%emt 0:00:09]} 46. f6 {[%emt 0:00:09]} b2 {[%emt 0:00:03]} 47. f7 {[%emt 0:00:11]} b1=Q {[%emt 0:00:10]} 48. f8=Q {[%emt 0:00:20]} Qe4+ {[%emt 0:00:20]} 49. Kf7 {[%emt 0:01:50]} Qf5+ {[%emt 0:00:36]} 50. Kg7 {[%emt 0:00:13]} Qg5+ {[%emt 0:00:17]} 51. Kh7 {[%emt 0:00:52]} Qxh5 {[%emt 0:00:43]} 52. Qxh6 {[%emt 0:01:15]} 1/2-1/2